| 000 | 00866nam a2200265 i 4500 | ||
|---|---|---|---|
| 001 | 36225 | ||
| 003 | ES-MaACL | ||
| 005 | 20250815033623.0 | ||
| 007 | t| | ||
| 008 | 030217s1972 sp ||||1| spa d | ||
| 080 | _a008(4)"09/11" | ||
| 080 | _a940"09/11" | ||
| 100 | 1 |
_aBrooke, Christopher. _931908 |
|
| 245 | 1 | 0 |
_aEuropa en el centro de la Edad Media (962-1154) / _cChristopher Brooke ; traducción del inglés por Matilde Vilarroig. |
| 250 | _a1ª ed. | ||
| 260 |
_aMadrid : _bAguilar, _c1972. |
||
| 300 |
_aXVI, 419 p. ; _c22 cm. |
||
| 490 | 1 | _aCultura e historia. Historia general de Europa | |
| 650 | 4 |
_aCivilización medieval. _9146249 |
|
| 651 |
_aEuropa- _xHistoria- _y0476-1492. _9160435 |
||
| 700 | 1 |
_aVilarroig, Matilde. _9114824 |
|
| 830 | 1 | 0 |
_aCultura e historia _9182356 |
| 852 | 4 |
_aES-MaACL _jC-49945 |
|
| 999 |
_c36225 _d36225 |
||